[Event "Mittelfranken-chTB2b 1314"]
[Site "Mittelfranken"]
[Date "2014.01.12"]
[Round "4.1"]
[White "Karasek, Christian"]
[Black "Moesl, Sebastian"]
[Result "1-0"]
[WhiteElo "1969"]
[BlackElo "1806"]
[PlyCount "161"]
[EventDate "2013.10.20"]
[EventType "team-tourn"]
[EventRounds "9"]
[EventCountry "GER"]
[SourceTitle "EXT 2020"]
[Source "ChessBase"]
[SourceDate "2019.10.17"]
[SourceVersion "1"]
[SourceVersionDate "2019.10.17"]
[SourceQuality "1"]
[WhiteTeam "Nuernberg NT IV"]
[BlackTeam "Neumarkt"]
[WhiteTeamCountry "GER"]
[BlackTeamCountry "GER"]

1. e4 d5 2. exd5 Qxd5 3. d4 Nf6 4. Nc3 Qa5 5. Bc4 c6 6. Nf3 Bf5 7. Ne5 e6 8. g4 Be4 9. 0-0 Bd5 10. Bd3 Bd6 11. Be3 h5 12. g5 Ng4 13. Bf4 Qc7 14. Re1 Nd7 15. Nxd5 cxd5 16. Bb5 0-0-0 17. Qe2 Ngxe5 18. dxe5 Bc5 19. c3 Nb6 20. Qf3 Kb8 21. a4 d4 22. b4 Bf8 23. Rac1 Qe7 24. a5 Nd5 25. Bd2 dxc3 26. Bxc3 Qxg5+ 27. Kh1 Qf4 28. Qxf4 Nxf4 29. Re4 Nd5 30. Rc4 Be7 31. Bd4 a6 32. Ba4 Rc8 33. Ba7+ Kxa7 34. Rxc8 Rxc8 35. Rxc8 Bxb4 36. Rd8 Bxa5 37. Rd7 Kb6 38. Rxf7 g5 39. Bd7 Nf4 40. Bc8 Bc3 41. Rxb7+ Kc6 42. Rb3 Bxe5 43. Bxa6 h4 44. h3 Bd4 45. Kg1 Kd6 46. Kf1 Ke5 47. Be2 Kf6 48. Bg4 Ke5 49. Ra3 Kf6 50. f3 Bc5 51. Ra6 Be3 52. Ke1 Kf7 53. Kd1 e5 54. Kc2 Ng2 55. Kd3 Bf4 56. Ke4 Ne3 57. Rc6 Kg7 58. Rc3 Nd1 59. Rb3 Kf6 60. Bc8 Nf2+ 61. Kd5 Nd1 62. Rb6+ Ke7 63. Re6+ Kf7 64. Rc6 Ne3+ 65. Ke4 Ke7 66. Ba6 Nd1 67. Rc2 Ne3 68. Re2 Nd1 69. Rc2 Ne3 70. Rc7+ Kd6 71. Rc3 Ng2 72. Bf1 Ne1 73. Rc8 Ke7 74. Bb5 Kf6 75. Ba4 Ke7 76. Re8+ Kf7 77. Rd8 Ke7 78. Rd1 Ng2 79. Bb3 Ne3 80. Re1 Ng2 81. Re2 1-0

[Event "Forchheim op-A 12th"]
[Site "Forchheim"]
[Date "2013.09.28"]
[Round "2"]
[White "Karasek, Christian"]
[Black "De Silva, Joel Niels"]
[Result "0-1"]
[WhiteElo "2058"]
[BlackElo "1915"]
[PlyCount "66"]
[EventDate "2013.09.27"]
[EventType "swiss"]
[EventRounds "5"]
[EventCountry "GER"]
[SourceTitle "CBM 156 Extra"]
[Source "ChessBase"]
[SourceDate "2013.10.22"]
[SourceVersion "1"]
[SourceVersionDate "2013.10.22"]
[SourceQuality "1"]

1. Nf3 c5 2. c4 Nc6 3. Nc3 Nf6 4. g3 e6 5. Bg2 d5 6. 0-0 Be7 7. d3 0-0 8. b3 d4 9. Nb5 a6 10. Na3 Qc7 11. Bb2 e5 12. Nc2 Be6 13. Qd2 Rab8 14. e3 b5 15. Ng5 Bf5 16. cxb5 axb5 17. exd4 exd4 18. Rfe1 Bd6 19. Ne4 Nxe4 20. dxe4 Be6 21. Rac1 Qa7 22. Ra1 Rfd8 23. f4 c4 24. Bc1 d3+ 25. Ne3 Bb4 26. Qf2 Bxe1 27. Qxe1 Nd4 28. Kh1 cxb3 29. Bb2 bxa2 30. f5 Bc4 31. f6 Nc2 32. Nxc2 dxc2 33. Qc1 Rd1+ 0-1

[Event "Mittelfranken-chTB1 1213"]
[Site "Germany"]
[Date "2013.01.27"]
[Round "1.4"]
[White "Karasek, Christian"]
[Black "Arlt, Michael"]
[Result "1/2-1/2"]
[WhiteElo "2002"]
[BlackElo "1925"]
[PlyCount "106"]
[EventDate "2012.10.07"]
[EventType "team-tourn"]
[EventRounds "9"]
[EventCountry "GER"]
[SourceTitle "EXT 2019"]
[Source "ChessBase"]
[SourceDate "2018.10.10"]
[SourceVersion "1"]
[SourceVersionDate "2018.10.10"]
[SourceQuality "1"]
[WhiteTeam "Nuernberg NT III"]
[BlackTeam "Schwanstetten"]
[WhiteTeamCountry "GER"]
[BlackTeamCountry "GER"]

1. e4 d5 2. exd5 Qxd5 3. Nc3 Qa5 4. d4 Nf6 5. Nf3 c6 6. Bc4 Bg4 7. Bd2 e6 8. h3 Bxf3 9. Qxf3 Qb6 10. Qe3 Be7 11. 0-0 0-0 12. Bb3 Rd8 13. Ne2 c5 14. Bc3 Nc6 15. dxc5 Bxc5 16. Qg5 h6 17. Qh4 Nd4 18. Ng3 a5 19. Rac1 Nxb3 20. axb3 Bd4 21. Ne2 Bxc3 22. Nxc3 Rd4 23. Qg3 Rad8 24. Qf3 Rd2 25. Rfd1 Qc7 26. Rxd2 Rxd2 27. Qe3 Qd8 28. Kf1 Rd7 29. Ke2 Nd5 30. Nxd5 Rxd5 31. c4 Rg5 32. g4 Qf6 33. Qc3 Re5+ 34. Kf1 Qf4 35. Rd1 h5 36. Rd4 Re4 37. Rd8+ Kh7 38. Qd3 f5 39. gxf5 exf5 40. Qg3 Qxg3 41. fxg3 Re3 42. Rd5 Rxb3 43. Rxf5 Kg6 44. Rxa5 Rxb2 45. h4 Rb4 46. Rg5+ Kf6 47. c5 g6 48. Kf2 Re4 49. Rd5 Re5 50. Rd7 Rxc5 51. Rxb7 Kf5 52. Rb4 Re5 53. Kf3 Rc5 1/2-1/2

[Event "Mittelfranken-chTB1 1213"]
[Site "Germany"]
[Date "2012.10.07"]
[Round "6.3"]
[White "Pannek, Matthias"]
[Black "Karasek, Christian"]
[Result "1-0"]
[WhiteElo "1957"]
[BlackElo "2002"]
[PlyCount "25"]
[EventDate "2012.10.07"]
[EventType "team-tourn"]
[EventRounds "9"]
[EventCountry "GER"]
[SourceTitle "EXT 2019"]
[Source "ChessBase"]
[SourceDate "2018.10.10"]
[SourceVersion "1"]
[SourceVersionDate "2018.10.10"]
[SourceQuality "1"]
[WhiteTeam "Nuernberg SK 1911"]
[BlackTeam "Nuernberg NT III"]
[WhiteTeamCountry "GER"]
[BlackTeamCountry "GER"]

1. Nc3 g6 2. e4 Bg7 3. d4 d6 4. f4 e5 5. dxe5 dxe5 6. Qxd8+ Kxd8 7. Nf3 exf4 8. Bxf4 c6 9. Bc4 Ke8 10. 0-0-0 Bg4 11. e5 b5 12. Nxb5 cxb5 13. Bd5 1-0

[Event "Nuremberg LGA Cup 9th"]
[Site "Nuremberg"]
[Date "2012.09.09"]
[Round "6"]
[White "Karasek, Christian"]
[Black "Ortpaul, Mario"]
[Result "1-0"]
[WhiteElo "2108"]
[BlackElo "1947"]
[PlyCount "69"]
[EventDate "2012.09.06"]
[EventType "swiss"]
[EventRounds "7"]
[EventCountry "GER"]
[SourceTitle "CBM 150 Extra"]
[Source "ChessBase"]
[SourceDate "2012.10.19"]
[SourceVersion "1"]
[SourceVersionDate "2012.10.19"]
[SourceQuality "1"]

1. e4 c5 2. Nf3 Nc6 3. Bb5 a6 4. Bxc6 bxc6 5. 0-0 d6 6. h3 g6 7. Re1 Bg7 8. Nc3 e5 9. Ne2 Ne7 10. c3 0-0 11. d4 cxd4 12. cxd4 exd4 13. Nexd4 d5 14. exd5 cxd5 15. Bg5 f6 16. Bf4 Nf5 17. Nc6 Qd7 18. Nfd4 Nxd4 19. Ne7+ Kh8 20. Qxd4 Bb7 21. Rac1 f5 22. Qb4 Qb5 23. Qxb5 axb5 24. Rc7 Ba6 25. Nxd5 Rfe8 26. Rxe8+ Rxe8 27. Ra7 Bc8 28. Nc7 Rg8 29. b4 Bc3 30. Nxb5 Bf6 31. Nd6 Be6 32. Nf7+ Bxf7 33. Rxf7 Bc3 34. b5 g5 35. Bc7 1-0

[Event "Nuremberg LGA Cup 9th"]
[Site "Nuremberg"]
[Date "2012.09.07"]
[Round "3"]
[White "Braun, Michael1111"]
[Black "Karasek, Christian"]
[Result "0-1"]
[WhiteElo "1855"]
[BlackElo "2108"]
[PlyCount "74"]
[EventDate "2012.09.06"]
[EventType "swiss"]
[EventRounds "7"]
[EventCountry "GER"]
[SourceTitle "CBM 150 Extra"]
[Source "ChessBase"]
[SourceDate "2012.10.19"]
[SourceVersion "1"]
[SourceVersionDate "2012.10.19"]
[SourceQuality "1"]

1. d4 g6 2. c4 Bg7 3. Nf3 d6 4. Nc3 Bg4 5. e3 Nc6 6. Be2 Bd7 7. e4 e5 8. d5 Nce7 9. 0-0 Nh6 10. Ne1 f5 11. f3 Nf7 12. b4 0-0 13. Nd3 g5 14. g4 fxg4 15. fxg4 Ng6 16. Be3 Nf4 17. Nf2 Nh8 18. Nh1 Qc8 19. Bf3 Nh3+ 20. Kg2 Rxf3 21. Qxf3 Bxg4 22. Qg3 Ng6 23. Rfc1 Qd7 24. Nf2 Nh4+ 25. Kf1 Rf8 26. Ke1 Nf3+ 27. Kd1 Nxf2+ 28. Bxf2 Nd4+ 29. Kd2 Rf3 30. Qg1 Rf4 31. Qg3 h5 32. Bxd4 exd4 33. Ne2 Rxe4 34. Ng1 Be5 35. Qg2 Bf4+ 36. Kc2 Qa4+ 37. Kd3 Bf5 0-1

[Event "Nuremberg LGA Cup 9th"]
[Site "Nuremberg"]
[Date "2012.09.07"]
[Round "4"]
[White "Karasek, Christian"]
[Black "Maier, Alexander"]
[Result "0-1"]
[WhiteElo "2108"]
[BlackElo "2303"]
[PlyCount "94"]
[EventDate "2012.09.06"]
[EventType "swiss"]
[EventRounds "7"]
[EventCountry "GER"]
[SourceTitle "CBM 150 Extra"]
[Source "ChessBase"]
[SourceDate "2012.10.19"]
[SourceVersion "1"]
[SourceVersionDate "2012.10.19"]
[SourceQuality "1"]

1. e4 Nc6 2. d4 d5 3. e5 Bf5 4. Bb5 Qd7 5. Nf3 a6 6. Ba4 e6 7. Be3 Nge7 8. Nbd2 h6 9. Nh4 Bh7 10. f4 Nc8 11. c3 Nb6 12. Bc2 Be7 13. Nhf3 Bxc2 14. Qxc2 Nc4 15. Nxc4 dxc4 16. Qe4 0-0 17. Nd2 b5 18. 0-0 f5 19. exf6 Bxf6 20. b3 cxb3 21. Nxb3 Qd5 22. Nc5 Qxe4 23. Nxe4 Ne7 24. Nc5 Nd5 25. Bd2 b4 26. Nxe6 bxc3 27. Be1 Rfe8 28. f5 Ne3 29. Bxc3 Nxf1 30. Kxf1 Re7 31. Rb1 Rc8 32. Rb7 c6 33. Rb6 c5 34. Rxa6 cxd4 35. Bd2 Rb7 36. Ke2 h5 37. Kd3 Rb5 38. Nxd4 Bxd4 39. Kxd4 Rxf5 40. Be3 Rc2 41. Ke4 Rf7 42. h4 Rc4+ 43. Kd5 Rxh4 44. g3 Rg4 45. Bf4 h4 46. Ra3 h3 47. Rf3 g5 0-1

[Event "Nuremberg LGA Cup 9th"]
[Site "Nuremberg"]
[Date "2012.09.06"]
[Round "1"]
[White "Zaragatski, Ilja"]
[Black "Karasek, Christian"]
[Result "1-0"]
[WhiteElo "2471"]
[BlackElo "2108"]
[PlyCount "77"]
[EventDate "2012.09.06"]
[EventType "swiss"]
[EventRounds "7"]
[EventCountry "GER"]
[SourceTitle "CBM 150 Extra"]
[Source "ChessBase"]
[SourceDate "2012.10.19"]
[SourceVersion "1"]
[SourceVersionDate "2012.10.19"]
[SourceQuality "1"]

1. Nf3 g6 2. e4 Bg7 3. d4 d6 4. Nc3 a6 5. a4 b6 6. Be2 Nc6 7. d5 Ne5 8. Nd4 Bb7 9. f4 c5 10. Nb3 Nd7 11. 0-0 Qc7 12. Nd2 Ngf6 13. Nc4 0-0 14. Bf3 Ne8 15. Kh1 Rb8 16. Qe2 e6 17. dxe6 fxe6 18. Bg4 Rf6 19. Rd1 Nf8 20. Nxd6 Nxd6 21. e5 Nf5 22. exf6 Bxf6 23. Ne4 Bg7 24. c3 Qe7 25. Bd2 h5 26. Bh3 Qh4 27. Be1 Qe7 28. Bf2 Bd5 29. Rd2 Qb7 30. Re1 Bc6 31. a5 Bh6 32. axb6 Bxf4 33. Nxc5 Qc8 34. Rdd1 Rxb6 35. Nd3 Bc7 36. Bxb6 Bxb6 37. Nf4 Qb7 38. Nxe6 Ne3 39. Rd8 1-0

[Event "Mittelfranken-chTB1 1112"]
[Site "Germany"]
[Date "2012.02.05"]
[Round "6.1"]
[White "Karasek, Christian"]
[Black "Wittmann, Karl"]
[Result "0-1"]
[WhiteElo "1991"]
[BlackElo "2029"]
[PlyCount "124"]
[EventDate "2011.09.25"]
[EventType "team-tourn"]
[EventRounds "9"]
[EventCountry "GER"]
[SourceTitle "EXT 2013"]
[Source "ChessBase"]
[SourceDate "2012.11.22"]
[SourceVersion "1"]
[SourceVersionDate "2012.11.22"]
[SourceQuality "1"]
[WhiteTeam "Nuernberg NT IV"]
[BlackTeam "Fuerth"]
[WhiteTeamCountry "GER"]
[BlackTeamCountry "GER"]

1. e4 e5 2. Nf3 Nc6 3. Bb5 a6 4. Ba4 Nf6 5. 0-0 b5 6. Bb3 Be7 7. Re1 0-0 8. d3 d6 9. c3 Na5 10. Bc2 c5 11. h3 Bb7 12. a3 Nc6 13. Nbd2 a5 14. a4 b4 15. Nc4 Qc7 16. Ne3 g6 17. Bb3 Nd8 18. Nh2 Ne6 19. Nhg4 Nf4 20. Nxf6+ Bxf6 21. Ng4 Bg7 22. g3 Ne6 23. Bh6 Qe7 24. Qd2 f5 25. Bg5 Qd7 26. Nh2 Kh8 27. Bh4 h6 28. g4 Nf4 29. Qe3 fxe4 30. dxe4 g5 31. Bg3 Nxh3+ 32. Kg2 Nf4+ 33. Kh1 Ba6 34. c4 Ne6 35. Rac1 Rab8 36. Bd1 b3 37. Bxb3 Nd4 38. Bd1 Rxb2 39. Qa3 Rb4 40. Qd3 Bb7 41. f3 Bc6 42. Ra1 Rfb8 43. Re3 Bxa4 44. Be1 Bxd1 45. Bxb4 Nc2 46. Rxd1 Nxe3 47. Qxe3 cxb4 48. c5 b3 49. cxd6 b2 50. Qd3 Qb5 51. Qb1 Qb3 52. d7 Bf6 53. Rd6 Kg7 54. Kg2 Qb4 55. Rd5 a4 56. Nf1 a3 57. Nd2 Qc3 58. Qa2 Bd8 59. Nb1 Qe3 60. Qxa3 Rb3 61. Qc5 Qxf3+ 62. Kg1 Qg3+ 0-1

[Event "Mittelfranken-chTB1 1112"]
[Site "Germany"]
[Date "2011.11.20"]
[Round "3.1"]
[White "Roeber, Juergen"]
[Black "Karasek, Christian"]
[Result "0-1"]
[WhiteElo "2094"]
[BlackElo "1991"]
[PlyCount "90"]
[EventDate "2011.09.25"]
[EventType "team-tourn"]
[EventRounds "9"]
[EventCountry "GER"]
[SourceTitle "EXT 2013"]
[Source "ChessBase"]
[SourceDate "2012.11.22"]
[SourceVersion "1"]
[SourceVersionDate "2012.11.22"]
[SourceQuality "1"]
[WhiteTeam "Heng Postbauer"]
[BlackTeam "Nuernberg NT IV"]
[WhiteTeamCountry "GER"]
[BlackTeamCountry "GER"]

1. e4 c5 2. c3 Nf6 3. e5 Nd5 4. d4 cxd4 5. Nf3 Nc6 6. cxd4 d6 7. Bc4 Nb6 8. Bb5 Bd7 9. exd6 e6 10. 0-0 Bxd6 11. Nc3 Ne7 12. Bd3 Rc8 13. Ne4 Bc6 14. Nfg5 Ng6 15. Re1 Be7 16. h4 Nxh4 17. Qh5 Ng6 18. Nxe6 fxe6 19. Ng5 Qd5 20. Be4 Qa5 21. Bxg6+ Kd7 22. Re5 Qxe5 23. dxe5 hxg6 24. Qg4 Bd5 25. Be3 Rc4 26. f4 Rc2 27. Bf2 Nc4 28. b3 Rxf2 29. Kxf2 Bc5+ 30. Ke2 Rh2 31. bxc4 Rxg2+ 32. Qxg2 Bxg2 33. Rd1+ Ke7 34. Nf3 Bh3 35. Rh1 Bf5 36. Rb1 Bxb1 37. a4 b6 38. Nd2 Bf5 39. Nb3 Bc2 40. Nxc5 bxc5 41. a5 Kd7 42. Kf3 Kc6 43. a6 Kb6 44. Kg4 Bf5+ 45. Kg5 Kxa6 0-1

[Event "Nuremberg LGA Cup 8th"]
[Site "Nuremberg"]
[Date "2011.09.11"]
[Round "6"]
[White "Karasek, Christian"]
[Black "Promyshlyanskiy, Vitaliy"]
[Result "0-1"]
[WhiteElo "2038"]
[BlackElo "2182"]
[PlyCount "102"]
[EventDate "2011.09.08"]
[EventType "swiss"]
[EventRounds "7"]
[EventCountry "GER"]
[SourceTitle "CBM 144 Extra"]
[Source "ChessBase"]
[SourceDate "2011.10.28"]
[SourceVersion "1"]
[SourceVersionDate "2011.10.28"]
[SourceQuality "1"]

1. e4 e5 2. Nf3 Nc6 3. Bb5 a6 4. Ba4 Nf6 5. 0-0 Be7 6. Re1 b5 7. Bb3 0-0 8. h3 Bb7 9. d3 d6 10. c3 Na5 11. a4 Nxb3 12. Qxb3 c5 13. Be3 Rb8 14. Nbd2 Qc7 15. Qc2 d5 16. Bg5 h6 17. Bh4 dxe4 18. dxe4 g5 19. Bg3 Bd6 20. Nh2 Bc8 21. f3 Nh5 22. Bf2 Nf4 23. axb5 axb5 24. c4 Be6 25. Ng4 Kg7 26. Ne3 Rfd8 27. Nd5 Qd7 28. Nxf4 gxf4 29. Kf1 bxc4 30. Ra4 Rxb2 31. Qxb2 Qxa4 32. Ra1 Qb4 33. Qc2 Bc7 34. Be1 Qb5 35. Kf2 Qd7 36. Ra3 Qd4+ 37. Kf1 Rb8 38. Bf2 Qd6 39. Nxc4 Bxc4+ 40. Qxc4 Rb1+ 41. Be1 Qd1 42. Qe2 Qc1 43. Ra2 Bd8 44. Rc2 Qa3 45. Rd2 Ba5 46. Rd1 Qa1 47. Rxb1 Qxb1 48. Kf2 Qxe1+ 49. Qxe1 Bxe1+ 50. Kxe1 Kf6 51. Kd2 Kg5 0-1

[Event "Mittelfranken-chTB2b 1011"]
[Site "Germany"]
[Date "2011.01.23"]
[Round "5.3"]
[White "Leis, Stefan"]
[Black "Karasek, Christian"]
[Result "0-1"]
[WhiteElo "1889"]
[BlackElo "2020"]
[PlyCount "80"]
[EventDate "2010.09.26"]
[EventType "team-tourn"]
[EventRounds "9"]
[EventCountry "GER"]
[SourceTitle "EXT 2012"]
[Source "ChessBase"]
[SourceDate "2011.11.24"]
[SourceVersion "1"]
[SourceVersionDate "2011.11.24"]
[SourceQuality "1"]
[WhiteTeam "Muehlhof/Schwabach"]
[BlackTeam "Nuernberg NT IV"]
[WhiteTeamCountry "GER"]
[BlackTeamCountry "GER"]

1. e4 c5 2. Nf3 Nc6 3. d4 cxd4 4. Nxd4 Nf6 5. Nc3 e5 6. Ndb5 d6 7. Bg5 a6 8. Na3 b5 9. Nd5 Be7 10. Bxf6 Bxf6 11. c3 Bg5 12. Nc2 0-0 13. a4 bxa4 14. Rxa4 a5 15. Bc4 Bb7 16. Nce3 Bxe3 17. Nxe3 Ne7 18. 0-0 Bc6 19. Ra1 Bxe4 20. Nd5 Bxd5 21. Bxd5 Rb8 22. b3 Qb6 23. h3 Qc5 24. Bf3 d5 25. Re1 e4 26. Qd4 Qxd4 27. cxd4 Nc6 28. Bd1 Rb4 29. f3 Rxd4 30. Rc1 Nb4 31. Rc7 f5 32. fxe4 Nd3 33. Re3 dxe4 34. Re7 Rfd8 35. Bf3 exf3 36. Rxf3 g6 37. Ra7 R8d5 38. Kh2 f4 39. h4 h5 40. Rf1 Ne5 0-1

[Event "Mittelfranken-chTB2b 1011"]
[Site "Germany"]
[Date "2010.10.17"]
[Round "2.3"]
[White "Karasek, Christian"]
[Black "Leuschner, Guenter"]
[Result "1-0"]
[WhiteElo "2020"]
[BlackElo "1814"]
[PlyCount "75"]
[EventDate "2010.09.26"]
[EventType "team-tourn"]
[EventRounds "9"]
[EventCountry "GER"]
[SourceTitle "EXT 2012"]
[Source "ChessBase"]
[SourceDate "2011.11.24"]
[SourceVersion "1"]
[SourceVersionDate "2011.11.24"]
[SourceQuality "1"]
[WhiteTeam "Nuernberg NT IV"]
[BlackTeam "Nuernberg SK 1911 II"]
[WhiteTeamCountry "GER"]
[BlackTeamCountry "GER"]

1. e4 d5 2. exd5 Qxd5 3. Nc3 Qa5 4. d4 Nf6 5. Nf3 c6 6. Bc4 Bf5 7. Ne5 e6 8. Bd2 Qd8 9. Be3 Be7 10. Qd2 a5 11. a4 Bb4 12. 0-0 0-0 13. Qe2 Nbd7 14. Na2 Bd6 15. Nxd7 Qxd7 16. Bb3 b5 17. c3 e5 18. dxe5 Bxe5 19. f4 Bd3 20. Qd1 Bxf1 21. fxe5 Qxd1 22. Rxd1 Ng4 23. Bc5 Bxg2 24. Kxg2 Rfd8 25. e6 Ne3+ 26. Bxe3 fxe6 27. Bxe6+ Kh8 28. Rxd8+ Rxd8 29. axb5 cxb5 30. Bd4 Re8 31. Bg4 Re1 32. Kf2 Rb1 33. c4 bxc4 34. Be6 Rd1 35. Bc3 Rh1 36. Kg2 Re1 37. Bxc4 a4 38. Bxe1 1-0

[Event "Nuremberg LGA Cup 7th"]
[Site "Nuremberg"]
[Date "2010.09.04"]
[Round "5"]
[White "Heimrath, Reiner"]
[Black "Karasek, Christian"]
[Result "1-0"]
[WhiteElo "2231"]
[BlackElo "2063"]
[PlyCount "67"]
[EventDate "2010.09.02"]
[EventType "swiss"]
[EventRounds "7"]
[EventCountry "GER"]
[SourceTitle "CBM 138 Extra"]
[Source "ChessBase"]
[SourceDate "2010.10.29"]
[SourceVersion "1"]
[SourceVersionDate "2010.10.29"]
[SourceQuality "1"]

1. e4 c5 2. Nf3 d6 3. Bb5+ Bd7 4. a4 Nf6 5. d3 Nc6 6. c3 e6 7. 0-0 Be7 8. Re1 0-0 9. Bg5 a6 10. Bxc6 Bxc6 11. a5 Ng4 12. Bxe7 Qxe7 13. Nbd2 Ne5 14. d4 Nxf3+ 15. Nxf3 d5 16. Ne5 c4 17. f4 Qc7 18. f5 exf5 19. exf5 f6 20. Nxc6 bxc6 21. b3 cxb3 22. Qxb3 Rab8 23. Qa4 Rb2 24. Ra2 Rb5 25. g3 c5 26. Qd1 cxd4 27. cxd4 Rxa5 28. Rae2 Qc8 29. Re6 Ra2 30. Qg4 g6 31. fxg6 h6 32. g7 Rd8 33. Qg6 Qc2 34. Re8+ 1-0

[Event "Nuremberg LGA Cup 7th"]
[Site "Nuremberg"]
[Date "2010.09.02"]
[Round "1"]
[White "Farago, Ivan"]
[Black "Karasek, Christian"]
[Result "1-0"]
[WhiteElo "2420"]
[BlackElo "2063"]
[PlyCount "73"]
[EventDate "2010.09.02"]
[EventType "swiss"]
[EventRounds "7"]
[EventCountry "GER"]
[SourceTitle "CBM 138 Extra"]
[Source "ChessBase"]
[SourceDate "2010.10.29"]
[SourceVersion "1"]
[SourceVersionDate "2010.10.29"]
[SourceQuality "1"]

1. d4 Nf6 2. c4 e6 3. Nf3 d5 4. Nc3 c6 5. e3 Be7 6. b3 Qa5 7. Bd2 Bb4 8. Qc2 Qc7 9. Bd3 Nbd7 10. 0-0 Bd6 11. cxd5 exd5 12. Rac1 a6 13. e4 dxe4 14. Nxe4 Bf4 15. Bb4 Nxe4 16. Rfe1 Ndf6 17. Bxe4 Bxc1 18. Bxc6+ Kd8 19. Be7+ Qxe7 20. Rxe7 Kxe7 21. Qc5+ Kd8 22. Qd6+ Nd7 23. Ne5 Ba3 24. Qxa3 Nxe5 25. Qa5+ Ke7 26. Qxe5+ Be6 27. Bxb7 Rab8 28. Qg5+ Kf8 29. Qc5+ Kg8 30. d5 Bd7 31. Qc7 Re8 32. h3 Re1+ 33. Kh2 Be8 34. d6 h6 35. d7 Bxd7 36. Qxd7 Re6 37. Bxa6 1-0

[Event "Landesliga Nord 0001"]
[Site "Bayern"]
[Date "2001.04.29"]
[Round "9"]
[White "Riedel, Hartmut"]
[Black "Karasek, Christian"]
[Result "1-0"]
[WhiteElo "2210"]
[BlackElo "2045"]
[PlyCount "39"]
[EventDate "2000.10.15"]
[EventType "team-tourn"]
[EventRounds "9"]
[EventCountry "GER"]
[SourceTitle "EXT 2020"]
[Source "ChessBase"]
[SourceDate "2019.10.17"]
[SourceVersion "1"]
[SourceVersionDate "2019.10.17"]
[SourceQuality "1"]
[WhiteTeam "Zirndorf"]
[BlackTeam "Erlangen TB"]
[WhiteTeamCountry "GER"]
[BlackTeamCountry "GER"]

1. d4 Nf6 2. c4 c5 3. Nf3 cxd4 4. Nxd4 Nc6 5. Nc3 g6 6. e4 d6 7. Be2 Bg7 8. Nc2 0-0 9. 0-0 Be6 10. Rb1 Ne5 11. Ne3 Rc8 12. b3 Ned7 13. Kh1 Nc5 14. f3 Bd7 15. Bb2 Nh5 16. Qd2 Bh6 17. Ncd5 e6 18. Nf5 exf5 19. Qxh6 f6 20. g4 1-0

[Event "Landesliga Nord 9900"]
[Site "Bayern"]
[Date "2000.04.09"]
[Round "9.6"]
[White "Kaplanski, Michael"]
[Black "Karasek, Christian"]
[Result "1-0"]
[WhiteElo "1990"]
[BlackElo "2035"]
[PlyCount "107"]
[EventDate "1999.10.10"]
[EventType "team-tourn"]
[EventRounds "9"]
[EventCountry "GER"]
[SourceTitle "EXT 2020"]
[Source "ChessBase"]
[SourceDate "2019.10.17"]
[SourceVersion "1"]
[SourceVersionDate "2019.10.17"]
[SourceQuality "1"]
[WhiteTeam "Hof SK"]
[BlackTeam "Erlangen TB"]
[WhiteTeamCountry "GER"]
[BlackTeamCountry "GER"]

1. e4 c5 2. d3 g6 3. g3 Bg7 4. Bg2 Nc6 5. Nf3 d6 6. 0-0 Bg4 7. h3 Bd7 8. c3 f5 9. exf5 Bxf5 10. Nh4 Be6 11. f4 Nh6 12. Nd2 Qd7 13. Kh2 Nf5 14. Nxf5 gxf5 15. Nf3 h6 16. Be3 b6 17. Re1 0-0-0 18. d4 Bd5 19. Qe2 Be4 20. Rad1 Qc7 21. Bg1 e5 22. fxe5 dxe5 23. dxc5 bxc5 24. Bxc5 Bd5 25. Qa6+ Qb7 26. Qxb7+ Kxb7 27. Nh4 Bxg2 28. Kxg2 f4 29. gxf4 exf4 30. Ng6 Rhg8 31. Rxd8 Rxd8 32. Nxf4 Ne5 33. Re2 Bf6 34. Bd4 Nd7 35. Bxf6 Nxf6 36. Ne6 Rd6 37. Nd4 Nd5 38. Kh2 Nf4 39. Re7+ Kb6 40. Rf7 Nd3 41. b3 Nc1 42. a4 Na2 43. a5+ Ka6 44. Rxa7+ Kxa7 45. Nb5+ Ka6 46. Nxd6 Nxc3 47. Nc4 Nb5 48. b4 Nc7 49. Na3 Nd5 50. Nc2 Nxb4 51. Nxb4+ Kxa5 52. Nd3 Kb6 53. Kg3 Kc6 54. Kg4 1-0

[Event "Landesliga Nord 9900"]
[Site "Bayern"]
[Date "2000.02.20"]
[Round "6.6"]
[White "Karasek, Christian"]
[Black "Riedel, Hartmut"]
[Result "0-1"]
[WhiteElo "2035"]
[BlackElo "2195"]
[PlyCount "82"]
[EventDate "1999.10.10"]
[EventType "team-tourn"]
[EventRounds "9"]
[EventCountry "GER"]
[SourceTitle "EXT 2020"]
[Source "ChessBase"]
[SourceDate "2019.10.17"]
[SourceVersion "1"]
[SourceVersionDate "2019.10.17"]
[SourceQuality "1"]
[WhiteTeam "Erlangen TB"]
[BlackTeam "Zirndorf"]
[WhiteTeamCountry "GER"]
[BlackTeamCountry "GER"]

1. e4 e6 2. d4 d5 3. Nd2 dxe4 4. Nxe4 Be7 5. Nf3 Nf6 6. Bd3 Nbd7 7. Nxf6+ Nxf6 8. Be3 Nd5 9. Qe2 Nxe3 10. Qxe3 c5 11. Bb5+ Kf8 12. c3 cxd4 13. Nxd4 Qb6 14. Qe2 Bf6 15. Nf3 g6 16. 0-0 Kg7 17. Rad1 Qc7 18. Rfe1 a6 19. Ba4 b5 20. Bb3 Bb7 21. Ne5 Rad8 22. Ng4 Qc6 23. f3 Qc5+ 24. Kh1 Bh4 25. g3 Qf5 26. Ne5 Bf6 27. Kg2 Rxd1 28. Bxd1 Rd8 29. Bb3 Qxe5 30. Qxe5 Bxe5 31. Rxe5 Rd2+ 32. Kf1 Bxf3 33. Re3 Bg2+ 34. Ke1 Rxb2 35. Re5 Kf6 36. Rc5 Bf3 37. h3 Re2+ 38. Kf1 Rd2 39. c4 bxc4 40. Bxc4 Rc2 41. Rc8 Be2+ 0-1

[Event "Landesliga Nord 9900"]
[Site "Bayern"]
[Date "2000.01.30"]
[Round "5.7"]
[White "Karasek, Christian"]
[Black "Fiedler, Wolfgang"]
[Result "0-1"]
[WhiteElo "2035"]
[BlackElo "1999"]
[PlyCount "78"]
[EventDate "1999.10.10"]
[EventType "team-tourn"]
[EventRounds "9"]
[EventCountry "GER"]
[SourceTitle "EXT 2020"]
[Source "ChessBase"]
[SourceDate "2019.10.17"]
[SourceVersion "1"]
[SourceVersionDate "2019.10.17"]
[SourceQuality "1"]
[WhiteTeam "Erlangen TB"]
[BlackTeam "Bamberg SC II"]
[WhiteTeamCountry "GER"]
[BlackTeamCountry "GER"]

1. e4 g6 2. d4 Bg7 3. Nc3 d6 4. Be3 Nf6 5. f3 b6 6. Bc4 Ba6 7. Bxa6 Nxa6 8. Qd3 Qc8 9. Qc4 c5 10. d5 Nc7 11. Qd3 Qb7 12. Nge2 Nd7 13. f4 b5 14. 0-0 0-0 15. Nd1 f5 16. c4 bxc4 17. Qxc4 Nb6 18. Qc2 fxe4 19. Ndc3 Nbxd5 20. Qxe4 Rab8 21. Bc1 Nxc3 22. Nxc3 Qxe4 23. Nxe4 Bxb2 24. Bxb2 Rxb2 25. Nc3 Rc2 26. Rf3 Rb8 27. Nd1 e6 28. Ne3 Rcb2 29. Nc4 Rb1+ 30. Rxb1 Rxb1+ 31. Kf2 Nb5 32. Rb3 Rxb3 33. axb3 Kf8 34. Ke3 Ke7 35. Nd2 Nd4 36. Kd3 a5 37. g3 d5 38. Kc3 Kf6 39. Kd3 Nxb3 0-1